Le contrat humanitaire (Record no. 54157)

MARC details
000 -LEADER
campo de control de longitud fija 00595nam a22001695i 4500
001 - NÚMERO DE CONTROL
campo de control 54157
003 - IDENTIFICADOR DE NÚMERO DE CONTROL
campo de control ES-MaACL
005 - FECHA Y HORA DE LA ÚLTIMA TRANSACCIÓN
campo de control 20230906162915.0
007 - CAMPO FIJO DE DESCRIPCIÓN FÍSICA--INFORMACIÓN GENERAL
campo de control de longitud fija t|
008 - DATOS DE LONGITUD FIJA--INFORMACIÓN GENERAL
campo de control de longitud fija 960711s1896 fr ||||1| fre d
040 ## - FUENTE DE CATALOGACIÓN
Centro catalogador/agencia de origen CAM
Lengua de catalogación spa
Centro/agencia transcriptor CAM
100 1# - ENTRADA PRINCIPAL--NOMBRE DE PERSONA
Nombre de persona Fierfort, Stanislas.
9 (RLIN) 50708
245 13 - MENCIÓN DEL TÍTULO
Título Le contrat humanitaire
Resto del título : exposé philosophique de la question sociale ainsi que de la théorie de sa solution pratique /
Mención de responsabilidad, etc. par Stanislas Fierfort.
260 ## - PUBLICACIÓN, DISTRIBUCIÓN, ETC.
Lugar de publicación, distribución, etc. Paris :
Nombre del editor, distribuidor, etc. V. Giard et E. Brière,
Fecha de publicación, distribución, etc. 1896 (
Lugar de fabricación/manufactura Asnières :
Fabricante Imprimerie E. Néry)
300 ## - DESCRIPCIÓN FÍSICA
Extensión 180 p. ;
Dimensiones 18 cm.
852 ## - LOCALIZACIÓN
Ubicación ES-MaACL
Número de control de estantería F-10572
Holdings
Estatus retirado Estado de pérdida Estado de daño No para préstamo Colección Biblioteca de origen Biblioteca actual Ubicación en estantería Fecha de adquisición Fuente de adquisición Total de préstamos Signatura topográfica completa Código de barras Visto por última vez Precio de reemplazo Tipo de ítem Koha
        Libros del s. XIX Biblioteca del Ateneo de Madrid Biblioteca del Ateneo de Madrid Sala Pecera Planta 2 17/01/2008     F-10572 1056914 23/02/2023 23/02/2023 Libro impreso antiguo